<?xml version="1.0" encoding="UTF-8"?><?xml-stylesheet type="text/xsl" href="static/style.xsl"?><OAI-PMH xmlns="http://www.openarchives.org/OAI/2.0/" xmlns:xsi="http://www.w3.org/2001/XMLSchema-instance" xsi:schemaLocation="http://www.openarchives.org/OAI/2.0/ http://www.openarchives.org/OAI/2.0/OAI-PMH.xsd"><responseDate>2026-06-03T02:10:02Z</responseDate><request verb="GetRecord" identifier="oai:riuma.uma.es:10630/3568" metadataPrefix="marc">https://riuma.uma.es/rest/oai/request</request><GetRecord><record><header><identifier>oai:riuma.uma.es:10630/3568</identifier><datestamp>2026-02-03T12:48:51Z</datestamp><setSpec>com_10630_27</setSpec><setSpec>com_10630_3139</setSpec><setSpec>com_10630_10</setSpec><setSpec>col_10630_559</setSpec></header><metadata><record xmlns="http://www.loc.gov/MARC21/slim" xmlns:dcterms="http://purl.org/dc/terms/" xmlns:doc="http://www.lyncode.com/xoai" xmlns:xsi="http://www.w3.org/2001/XMLSchema-instance" xsi:schemaLocation="http://www.loc.gov/MARC21/slim http://www.loc.gov/standards/marcxml/schema/MARC21slim.xsd">
   <leader>00925njm 22002777a 4500</leader>
   <datafield ind2=" " ind1=" " tag="042">
      <subfield code="a">dc</subfield>
   </datafield>
   <datafield ind2=" " ind1=" " tag="720">
      <subfield code="a">Díaz González, Tomás Emilio</subfield>
      <subfield code="e">author</subfield>
   </datafield>
   <datafield ind2=" " ind1=" " tag="720">
      <subfield code="a">Llamas-García, Félix</subfield>
      <subfield code="e">author</subfield>
   </datafield>
   <datafield ind2=" " ind1=" " tag="260">
      <subfield code="c">1987</subfield>
   </datafield>
   <datafield ind2=" " ind1=" " tag="520">
      <subfield code="a">Los autores han reconocido en el territorio estudiado 5 táxones del subgénero Salix y 7 del subgénero Vetrix así como 16 híbridos. Consideran a S. neotricha una especie independiente de S. fragilis. Se describen los siguientes híbridos: Salix x expectata, Salix x pormensis, Salix x viridifolia, Salix x pseudosalvifolia, Salix x longissima, Salix x pseudoelaeagnos, Salix x multidentata y Salix x rijosa.De cada taxon se aporta la distribución en la provincia de León en base a la cartografía UTM de 10 km de lado, así como su comportamiento fitosociológico.Se aportan tres claves dicotómicas para la diferenciación de los táxones del género Salix en la provincia de León basándose en los amentos masculinos y femeninos, así como la morfología foliar.</subfield>
   </datafield>
   <datafield ind2=" " ind1=" " tag="520">
      <subfield code="a">The autors have recognized in the studied territory 5 taxa of the Salix subgenus and 7 of the Vetrix subgenus as well as sixteen hybrids. They consider S. neotricha an independent species from S. fragilis. The following hybrids are described: Salix x expectata, Salix x pormensis, Salix x viridifolia, Salix x pseudosalvifolia, Salix x longissima, Salix x pseudoelaeagnos, Salix x multidentata and Salix x rijosa.We give the chorology of each taxon in León province on maps with UTM coordinates of 10 km, as well as its phytosociological behaviour.Three dichotomic keys are given in order to identify the taxa of the Salix genus living in León province. These are based on male and female catkins as well as leaf morphology</subfield>
   </datafield>
   <datafield ind1="8" ind2=" " tag="024">
      <subfield code="a">02109506</subfield>
   </datafield>
   <datafield ind1="8" ind2=" " tag="024">
      <subfield code="a">http://hdl.handle.net/10630/3568</subfield>
   </datafield>
   <datafield ind2="0" ind1="0" tag="245">
      <subfield code="a">Aportaciones al conocimiento del género Salix L. (Salicaceae) en la provincia de León (NW España)</subfield>
   </datafield>
</record>
</metadata></record></GetRecord></OAI-PMH>